000 00574nam a2200217 i 4500
001 C2-0283455
003 PPAK
005 20180729000706.0
008 071114s2006 my |||| ||||| | may d
040 _aPPAK
_beng
_cPPAK
_erda
245 1 0 _aHeart
264 1 _aKuala Lumpur :
_bDragon Jester Entertainment ,
_c2006
336 _2rdacontent
_atext
337 _2rdamedia
_aunmediated
338 _2rdacarrier
_avolume
500 _aVCD 2554/07
700 _eauthor
700 1 _aSaputra, Hanny R,
_ecompile
700 1 _aWibowo, Wawani,
_eeditor
942 _2ddc
_cVCD
999 _c165546
_d165546